[Event "GBR-ch89"]
[Site "Torquay"]
[Date "2002.07.29"]
[Round "1"]
[White "Trent, Lawrence"]
[Black "Gregory, Stephen J"]
[Result "1-0"]
[WhiteElo "2246"]
[BlackElo "2173"]
[PlyCount "89"]
[EventDate "2002.07.29"]
[EventType "swiss"]
[EventRounds "11"]
[EventCountry "GBR"]
[SourceTitle "BritBase"]
[Source "John Saunders"]
[SourceDate "2008.07.14"]
[SourceVersion "1"]
[SourceVersionDate "2008.07.14"]
[SourceQuality "2"]

1. d4 Nf6 2. Bg5 Nc6 3. Nc3 e5 4. d5 Ne7 5. d6 cxd6 6. e4 Nc6 7. Bxf6 Qxf6 8.
Bc4 Qg6 9. Nf3 Be7 10. Qe2 O-O 11. O-O-O a6 12. Nd5 b5 13. Bd3 Bb7 14. h4 Bd8
15. Kb1 Nd4 16. Nxd4 exd4 17. f4 Re8 18. f5 Qg3 19. Rh3 Qe5 20. Qf3 Bxd5 21.
exd5 Bf6 22. g4 Rac8 23. g5 Bd8 24. f6 g6 25. h5 Qxg5 26. hxg6 Re3 27. gxf7+
Kf8 28. Qh1 Rxh3 29. Qxh3 Bxf6 30. Re1 Rd8 31. Qxh7 Qg7 32. Qh5 Qxf7 33. Bg6
Qg7 34. Qf5 Kg8 35. Rg1 Kf8 36. Rf1 Ke7 37. Qe4+ Kf8 38. Rh1 Qe7 39. Qf5 Kg8
40. Bh7+ Kf8 41. Rf1 Kg7 42. Qg4+ Bg5 43. Qh5 Re8 44. a3 Be3 45. Bd3 1-0

[Event "GBR-ch89"]
[Site "Torquay"]
[Date "2002.07.29"]
[Round "1"]
[White "Wells, Peter K"]
[Black "Haslinger, Stewart"]
[Result "1/2-1/2"]
[WhiteElo "2479"]
[BlackElo "2310"]
[PlyCount "117"]
[EventDate "2002.07.29"]
[EventType "swiss"]
[EventRounds "11"]
[EventCountry "GBR"]
[SourceTitle "BritBase"]
[Source "John Saunders"]
[SourceDate "2008.07.14"]
[SourceVersion "1"]
[SourceVersionDate "2008.07.14"]
[SourceQuality "2"]

1. Nf3 d5 2. c4 e6 3. g3 dxc4 4. Qa4+ Nd7 5. Bg2 a6 6. Qxc4 b5 7. Qc2 Bb7 8. a4
c5 9. O-O Ngf6 10. Nc3 Qb6 11. d3 Be7 12. Qb3 Nd5 13. Bg5 Nxc3 14. Qxc3 Nf6 15.
axb5 axb5 16. Rxa8+ Bxa8 17. Ra1 Bc6 18. Qa5 Qxa5 19. Rxa5 Nd7 20. Ra7 Bxf3 21.
Bxf3 Bxg5 22. Bc6 O-O 23. Bxd7 Rb8 24. Rc7 c4 25. dxc4 bxc4 26. Rxc4 Be7 27.
Rc2 Rb4 28. Rc8+ Bf8 29. Be8 Rxb2 30. Rc7 Bd6 31. Bxf7+ Kf8 32. Rd7 Rxe2 33.
Bh5 Re1+ 34. Kg2 Be7 35. Rc7 g6 36. Bf3 Kf7 37. h4 h5 38. Rc4 Bd6 39. Rc6 Be7
40. Rc2 Kf6 41. Be2 Bd8 42. Kf3 Bb6 43. Rb2 Bc5 44. Rb5 Rc1 45. Bd3 Rc3 46. Ke2
Rxd3 47. Kxd3 Bxf2 48. Rg5 e5 49. Ke4 Be1 50. Ke3 Bb4 51. g4 hxg4 52. Rxg4 Be1
53. Kf3 Kf5 54. Re4 Bf2 55. Rc4 Be1 56. Rg4 Bd2 57. Re4 Bf4 58. Ra4 g5 59. hxg5
1/2-1/2

[Event "GBR-ch89"]
[Site "Torquay"]
[Date "2002.07.29"]
[Round "1"]
[White "Wheeler, John F"]
[Black "Wu, Li"]
[Result "0-1"]
[WhiteElo "2235"]
[BlackElo "2142"]
[PlyCount "174"]
[EventDate "2002.07.29"]
[EventType "swiss"]
[EventRounds "11"]
[EventCountry "GBR"]
[SourceTitle "BritBase"]
[Source "John Saunders"]
[SourceDate "2008.07.14"]
[SourceVersion "1"]
[SourceVersionDate "2008.07.14"]
[SourceQuality "2"]

1. d4 Nf6 2. c4 g6 3. Nc3 Bg7 4. e4 d6 5. Be2 O-O 6. Bg5 Na6 7. Nf3 e5 8. O-O
Qe8 9. dxe5 dxe5 10. Re1 Nc5 11. Qc2 Ne6 12. Bc1 Nd7 13. b3 Nd4 14. Qd2 Qd8 15.
Ba3 Re8 16. Rad1 Nf8 17. Nb5 Nxf3+ 18. Bxf3 Qxd2 19. Rxd2 Ne6 20. Bg4 Bh6 21.
Rdd1 a6 22. Nc3 Nd4 23. Bxc8 Raxc8 24. Nd5 Kh8 25. Bb2 c6 26. Nf6 Red8 27. c5
Bg7 28. Ng4 Rd7 29. Kf1 Rcd8 30. Rd3 Kg8 31. Red1 Kf8 32. f4 Ke7 33. fxe5 Ne6
34. Rxd7+ Rxd7 35. Rd6 Nxc5 36. Ba3 Ne6 37. Rxc6+ Kd8 38. Rd6 h5 39. Nf6 Bxf6
40. exf6 Ng5 41. e5 Rxd6 42. Bxd6 Ne4 43. Bb4 Kd7 44. Ba3 Ke6 45. Bb2 Nc5 46.
Ke2 Nd7 47. Ke3 Nxe5 48. h3 Nd7 49. b4 Nxf6 50. a3 Nd5+ 51. Ke4 f5+ 52. Kf3 g5
53. g4 hxg4+ 54. hxg4 Nf6 55. gxf5+ Kxf5 56. a4 b5 57. axb5 axb5 58. Bc3 g4+
59. Kg2 Ne4 60. Be1 Kf4 61. Bh4 Nd2 62. Bg3+ Kf5 63. Bd6 Nc4 64. Bf8 Ne3+ 65.
Kf2 Nd5 66. Kg3 Nf6 67. Bh6 Nh5+ 68. Kg2 Ke4 69. Bf8 Kf4 70. Bh6+ Kf5 71. Bf8
Kg6 72. Bd6 Ng7 73. Bf8 Nf5 74. Bc5 Kf6 75. Kf2 Kg5 76. Bb6 Kh4 77. Kg2 g3 78.
Bc5 Kg4 79. Bb6 Nh4+ 80. Kf1 Kh3 81. Ke2 g2 82. Bg1 Kg3 83. Bf2+ Kh2 84. Kd3
Nf5 85. Ke4 Nd6+ 86. Kd4 Nc4 87. Kc5 Na3 0-1

[Event "GBR-ch89"]
[Site "Torquay"]
[Date "2002.07.29"]
[Round "1"]
[White "Wohl, Aleksandar"]
[Black "Sasikiran, Krishnan"]
[Result "0-1"]
[WhiteElo "2419"]
[BlackElo "2650"]
[PlyCount "70"]
[EventDate "2002.07.29"]
[EventType "swiss"]
[EventRounds "11"]
[EventCountry "GBR"]
[SourceTitle "BritBase"]
[Source "John Saunders"]
[SourceDate "2008.07.14"]
[SourceVersion "1"]
[SourceVersionDate "2008.07.14"]
[SourceQuality "2"]

1. e4 c6 2. d4 d5 3. exd5 cxd5 4. Bf4 Nc6 5. c3 Bf5 6. Qb3 Qd7 7. Nf3 e6 8. Ne5
Nxe5 9. Bxe5 Ne7 10. Nd2 Nc6 11. Nf3 f6 12. Bg3 g5 13. Be2 h5 14. h4 g4 15. Nh2
Rg8 16. O-O Bh6 17. Rad1 Be4 18. Rfe1 f5 19. Be5 Nxe5 20. dxe5 O-O-O 21. Bd3
Qg7 22. Bxe4 fxe4 23. c4 Qxe5 24. Nf1 Kb8 25. g3 Rgf8 26. cxd5 exd5 27. Ne3 d4
28. Nc4 Qf5 29. Rf1 Qd5 30. Qb4 Rf3 31. Qe7 e3 32. Nxe3 Bxe3 33. fxe3 Rxg3+ 34.
Kf2 Rg2+ 35. Ke1 d3 0-1

[Event "GBR-ch89"]
[Site "Torquay"]
[Date "2002.07.30"]
[Round "2"]
[White "Aarthie, Ramaswamy"]
[Black "Dorrington, Christopher"]
[Result "1-0"]
[WhiteElo "2290"]
[BlackElo "2218"]
[PlyCount "67"]
[EventDate "2002.07.29"]
[EventType "swiss"]
[EventRounds "11"]
[EventCountry "GBR"]
[SourceTitle "BritBase"]
[Source "John Saunders"]
[SourceDate "2008.07.14"]
[SourceVersion "1"]
[SourceVersionDate "2008.07.14"]
[SourceQuality "2"]

1. e4 c5 2. Nf3 e6 3. d4 cxd4 4. Nxd4 Nf6 5. Nc3 d6 6. Be2 Nc6 7. O-O Be7 8.
Be3 O-O 9. f4 Bd7 10. Kh1 Nxd4 11. Bxd4 Bc6 12. Bf3 Qc7 13. a4 Rfd8 14. Qd2 e5
15. Be3 d5 16. exd5 e4 17. Nxe4 Nxd5 18. Qf2 b5 19. axb5 Bxb5 20. Rfe1 Nxe3 21.
Qxe3 a6 22. f5 Rac8 23. f6 gxf6 24. Ng3 Bf8 25. Be4 Qc5 26. Qf3 Bc6 27. c3 Bg7
28. Rxa6 Bxe4 29. Nxe4 Qb5 30. Nxf6+ Kh8 31. Qh3 h6 32. Rd6 Qxb2 33. Qf5 Bxf6
34. Qxf6+ 1-0

[Event "GBR-ch89"]
[Site "Torquay"]
[Date "2002.07.30"]
[Round "2"]
[White "Addison, Bret C"]
[Black "Lee, Graham D"]
[Result "1/2-1/2"]
[WhiteElo "2219"]
[BlackElo "2361"]
[PlyCount "50"]
[EventDate "2002.07.29"]
[EventType "swiss"]
[EventRounds "11"]
[EventCountry "GBR"]
[SourceTitle "BritBase"]
[Source "John Saunders"]
[SourceDate "2008.07.14"]
[SourceVersion "1"]
[SourceVersionDate "2008.07.14"]
[SourceQuality "2"]

1. d4 Nf6 2. c4 c5 3. d5 e5 4. Nc3 d6 5. e4 Be7 6. g3 O-O 7. h4 Na6 8. Bh3 Bxh3
9. Nxh3 Nc7 10. a4 b6 11. Rb1 Qd7 12. Ng1 Rab8 13. Nge2 Rb7 14. Kf1 a6 15. Qd3
b5 16. axb5 axb5 17. b3 Rfb8 18. Kg2 bxc4 19. bxc4 Rxb1 20. Nxb1 Na6 21. Nec3
g6 22. Nb5 Nh5 23. Qf3 Rf8 24. Bh6 Ng7 25. h5 Nb4 1/2-1/2

[Event "GBR-ch89"]
[Site "Torquay"]
[Date "2002.07.30"]
[Round "2"]
[White "Barua, Dibyendu"]
[Black "Woodward, Timothy"]
[Result "1-0"]
[WhiteElo "2542"]
[BlackElo "2211"]
[PlyCount "115"]
[EventDate "2002.07.29"]
[EventType "swiss"]
[EventRounds "11"]
[EventCountry "GBR"]
[SourceTitle "BritBase"]
[Source "John Saunders"]
[SourceDate "2008.07.14"]
[SourceVersion "1"]
[SourceVersionDate "2008.07.14"]
[SourceQuality "2"]

1. e4 c6 2. d4 d5 3. exd5 cxd5 4. c4 Nf6 5. Nc3 e6 6. Nf3 Bb4 7. cxd5 Nxd5 8.
Qc2 Nc6 9. Bc4 O-O 10. O-O Nce7 11. Bd3 g6 12. Bh6 Re8 13. Ne5 Ba5 14. Bb5 Nc6
15. Qe4 f5 16. Nxc6 fxe4 17. Nxd8 Rxd8 18. Nxe4 Nc7 19. Be2 Rxd4 20. Nf6+ Kf7
21. Be3 Rb4 22. Nxh7 Rxb2 23. Ng5+ Kg8 24. Bd3 Nd5 25. Bc1 Rb6 26. Bxg6 Bd7 27.
a4 Rc8 28. h4 Bc3 29. Ra3 Rc4 30. h5 Kg7 31. a5 Rbb4 32. Bd3 Rh4 33. h6+ Rxh6
34. Ne4 Bb2 35. Bxh6+ Kxh6 36. Ra2 Nf4 37. Nc5 Bc6 38. Rb1 Bc3 39. Rxb4 Bxb4
40. g3 Nh3+ 41. Kh2 Ng5 42. Ne4 Nf3+ 43. Kh3 Be7 44. a6 b5 45. Rc2 Nd4 46. Rc1
e5 47. f4 exf4 48. gxf4 Kg7 49. Ng3 Kf6 50. Be4 Bd7+ 51. Kg2 Ne6 52. Nh5+ Kf7
53. f5 Nc5 54. Bd5+ Kf8 55. f6 Bd6 56. Nf4 Bxf4 57. Rxc5 Be5 58. f7 1-0

[Event "GBR-ch89"]
[Site "Torquay"]
[Date "2002.07.30"]
[Round "2"]
[White "Buckley, Melanie"]
[Black "Collins, Sam IRL"]
[Result "1/2-1/2"]
[WhiteElo "2184"]
[BlackElo "2313"]
[PlyCount "181"]
[EventDate "2002.07.29"]
[EventType "swiss"]
[EventRounds "11"]
[EventCountry "GBR"]
[SourceTitle "BritBase"]
[Source "John Saunders"]
[SourceDate "2008.07.14"]
[SourceVersion "1"]
[SourceVersionDate "2008.07.14"]
[SourceQuality "2"]

1. e4 c5 2. Nc3 e6 3. g3 d5 4. exd5 exd5 5. Bg2 Nf6 6. d3 d4 7. Ne4 Nxe4 8.
Bxe4 Nd7 9. Ne2 Nf6 10. Bg2 Bd6 11. O-O O-O 12. Bf4 Bg4 13. Bxd6 Qxd6 14. Qd2
Rae8 15. Rae1 Bxe2 16. Rxe2 Rxe2 17. Qxe2 Re8 18. Qd2 b6 19. Re1 Rxe1+ 20. Qxe1
Qe6 21. Qxe6 fxe6 22. f4 Kf7 23. Bf3 Ne8 24. Kf2 Kf6 25. Be4 h6 26. Kf3 Nd6 27.
h3 a5 28. a4 b5 29. b3 e5 30. Bc6 b4 31. Be4 exf4 32. Kxf4 g5+ 33. Kf3 Ke5 34.
Bg6 Kf6 35. Be4 Ke5 36. Bg6 Nc8 37. Kg4 Ne7 38. Be4 Ng8 39. Bb7 Nf6+ 40. Kf3 h5
41. g4 h4 42. Bc6 Ng8 43. Bb7 Ne7 44. Be4 Nc8 45. Bb7 Nd6 46. Bc6 Nf7 47. Be4
Nd8 48. Bf5 Nc6 49. Bh7 Nb8 50. Bf5 Na6 51. Bh7 Nc7 52. Bg8 Ne8 53. Bc4 Nf6 54.
Bf7 Nd7 55. Bg6 Nb6 56. Be4 Kd6 57. Bb7 Kc7 58. Be4 Nd7 59. Bf5 Nf6 60. Be6 Kd6
61. Bc4 Ke7 62. Ke2 Nd7 63. Kf3 Ne5+ 64. Ke4 Kf6 65. Kd5 Ng6 66. Kxc5 Ke5 67.
Bd5 Nf4 68. Bb7 Nxh3 69. Kb5 Kd6 70. Kxa5 Kc7 71. Bf3 Nf2 72. Kxb4 h3 73. Kc5
h2 74. Kxd4 Nxg4 75. b4 Nf2 76. Ke3 g4 77. Bg2 h1=Q 78. Bxh1 Nxh1 79. Kf4 Nf2
80. Kg3 Nd1 81. Kxg4 Ne3+ 82. Kf4 Nxc2 83. b5 Kd6 84. Ke4 Kc5 85. Ke5 Nd4 86.
Kf6 Ne2 87. Ke5 Nc3 88. d4+ Kb6 89. d5 Nxa4 90. d6 Nc5 91. Kd5 1/2-1/2

[Event "GBR-ch89"]
[Site "Torquay"]
[Date "2002.07.30"]
[Round "2"]
[White "Cox, John J"]
[Black "Ashton, Adam"]
[Result "1-0"]
[WhiteElo "2311"]
[BlackElo "2152"]
[PlyCount "107"]
[EventDate "2002.07.29"]
[EventType "swiss"]
[EventRounds "11"]
[EventCountry "GBR"]
[SourceTitle "BritBase"]
[Source "John Saunders"]
[SourceDate "2008.07.14"]
[SourceVersion "1"]
[SourceVersionDate "2008.07.14"]
[SourceQuality "2"]

1. c4 e5 2. g3 Nc6 3. Bg2 d6 4. Nc3 g6 5. e4 Bg7 6. Nge2 Nge7 7. d3 O-O 8. O-O
f5 9. Nd5 Be6 10. Be3 Qd7 11. Qd2 Rae8 12. Rae1 Nd4 13. Nxd4 exd4 14. Bg5 Nxd5
15. cxd5 Bf7 16. Qa5 fxe4 17. Rxe4 Rxe4 18. Bxe4 c6 19. Qa4 Qg4 20. Be7 Re8 21.
Bxd6 Rxe4 22. dxe4 Qxe4 23. Qxa7 h5 24. Bf4 Bxd5 25. f3 Qe2 26. Rf2 Qe1+ 27.
Rf1 Qe2 28. Rf2 Qe1+ 29. Kg2 Qe7 30. h4 Kh7 31. a3 c5 32. Qb6 Bc6 33. Qc7 Qe1
34. Bd6 Qe6 35. Bxc5 Bd7 36. Qd6 Qf5 37. Bxd4 Bxd4 38. Qxd4 Qh3+ 39. Kg1 Qxg3+
40. Rg2 Qe1+ 41. Kh2 Bf5 42. a4 Qe7 43. Qf4 b6 44. Rd2 Qe1 45. b4 Qf1 46. a5
bxa5 47. bxa5 Qb5 48. Qc7+ Kh6 49. Qf4+ Kh7 50. Qc7+ Kh6 51. Kg2 Qb4 52. Qd8
Qc3 53. Qf8+ Kh7 54. Re2 1-0

[Event "GBR-ch89"]
[Site "Torquay"]
[Date "2002.07.30"]
[Round "2"]
[White "Devereaux, Max"]
[Black "Taylor, Robert M"]
[Result "1-0"]
[WhiteElo "2268"]
[BlackElo "2195"]
[PlyCount "130"]
[EventDate "2002.07.29"]
[EventType "swiss"]
[EventRounds "11"]
[EventCountry "GBR"]
[SourceTitle "BritBase"]
[Source "John Saunders"]
[SourceDate "2008.07.14"]
[SourceVersion "1"]
[SourceVersionDate "2008.07.14"]
[SourceQuality "2"]

1. Nf3 Nf6 2. b3 c5 3. Bb2 e6 4. e3 b6 5. c4 Bb7 6. Be2 Nc6 7. O-O Be7 8. d4
cxd4 9. Nxd4 O-O 10. Nc3 Nxd4 11. Qxd4 Qc7 12. Nb5 Qc5 13. Qf4 Nh5 14. Qg4 Nf6
15. Qg3 Qf5 16. Rac1 Qg6 17. Rfd1 Bc6 18. Nd4 Bb7 19. Nf3 Qxg3 20. hxg3 Rfd8
21. Ne5 d6 22. Bf3 Bxf3 23. Nxf3 Ne4 24. Nd4 Rac8 25. Ba3 a6 26. Ne2 Bg5 27.
Rd3 Nc5 28. Rd4 Bf6 29. Rdd1 Kf8 30. f3 Ke7 31. Rc2 h5 32. Nf4 g6 33. Nd3 Rd7
34. Kf2 Kd8 35. Rcd2 Ke7 36. Ke2 Bc3 37. Nxc5 bxc5 38. Rd3 Be5 39. f4 Bf6 40.
e4 Bd4 41. Rxd4 cxd4 42. Rxd4 Kd8 43. Bxd6 Rc6 44. e5 Kc8 45. b4 Rb7 46. Kd3
Rcb6 47. Kc3 Rd7 48. a4 Kb7 49. b5 axb5 50. axb5 Kc8 51. Rd2 Rbb7 52. Kb4 Ra7
53. c5 Ra1 54. c6 Rda7 55. Kc5 R7a2 56. Rd4 Rc1+ 57. Kb6 Raa1 58. Bb4 Rd1 59.
Rd6 Rab1 60. Ba5 Rd5 61. Rxd5 exd5 62. Ka6 Rc1 63. b6 Rxc6 64. Ka7 Rc4 65. b7+
Kd7 1-0

[Event "GBR-ch89"]
[Site "Torquay"]
[Date "2002.07.30"]
[Round "2"]
[White "Emms, John M"]
[Black "Trent, Lawrence"]
[Result "1-0"]
[WhiteElo "2544"]
[BlackElo "2246"]
[PlyCount "77"]
[EventDate "2002.07.29"]
[EventType "swiss"]
[EventRounds "11"]
[EventCountry "GBR"]
[SourceTitle "BritBase"]
[Source "John Saunders"]
[SourceDate "2008.07.14"]
[SourceVersion "1"]
[SourceVersionDate "2008.07.14"]
[SourceQuality "2"]

1. e4 c5 2. Nf3 d6 3. d4 cxd4 4. Nxd4 Nf6 5. Nc3 g6 6. Bc4 Bg7 7. O-O O-O 8.
Re1 a6 9. Bb3 b5 10. a4 b4 11. Nd5 Bb7 12. Bg5 Nbd7 13. Nxb4 Qb6 14. c3 e5 15.
a5 Qc7 16. Bxf6 Nxf6 17. Ndc2 Bxe4 18. Ne3 Qc5 19. Ng4 Nxg4 20. Qxg4 Bb7 21.
Red1 Ra7 22. Bd5 Bc8 23. Qf3 Qc7 24. Qe3 Kh8 25. Qb6 f5 26. Bf3 e4 27. Qxc7
Rxc7 28. Be2 Be5 29. Bxa6 Be6 30. Bb5 Bb3 31. Re1 d5 32. Ra3 Bc4 33. Bxc4 dxc4
34. Rd1 Rff7 35. Rd5 Bg7 36. a6 Bf8 37. Ra4 f4 38. Ra1 Rfd7 39. Rxd7 1-0

[Event "GBR-ch89"]
[Site "Torquay"]
[Date "2002.07.30"]
[Round "2"]
[White "Flear, Glenn"]
[Black "Grant, Jonathan"]
[Result "1-0"]
[WhiteElo "2538"]
[BlackElo "2201"]
[PlyCount "64"]
[EventDate "2002.07.29"]
[EventType "swiss"]
[EventRounds "11"]
[EventCountry "GBR"]
[SourceTitle "BritBase"]
[Source "John Saunders"]
[SourceDate "2008.07.14"]
[SourceVersion "1"]
[SourceVersionDate "2008.07.14"]
[SourceQuality "2"]

1. d4 Nf6 2. c4 e6 3. Nf3 d5 4. Nc3 Be7 5. Qc2 c5 6. dxc5 Na6 7. cxd5 exd5 8.
Bg5 O-O 9. e3 Nxc5 10. Be2 Be6 11. O-O Rc8 12. Qd1 Qb6 13. Qd4 Rfd8 14. Rac1 h6
15. Bh4 Kf8 16. b3 Bf5 17. Rfd1 Ncd7 18. Nxd5 Qxd4 19. Nxd4 Nxd5 20. Nxf5 Bxh4
21. Rxc8 Rxc8 22. Rxd5 Nb6 23. Rd2 Bf6 24. g3 a6 25. Bf3 Rc1+ 26. Kg2 Rc7 27.
Nd6 Nd7 28. Nxb7 Bc3 29. Rd1 Ne5 30. Nd6 Nxf3 31. Kxf3 Ke7 32. Nc4 Bb4 1-0

[Event "GBR-ch89"]
[Site "Torquay"]
[Date "2002.07.30"]
[Round "2"]
[White "Gormally, Daniel W"]
[Black "Ramesh, RB"]
[Result "1/2-1/2"]
[WhiteElo "2525"]
[BlackElo "2456"]
[PlyCount "92"]
[EventDate "2002.07.29"]
[EventType "swiss"]
[EventRounds "11"]
[EventCountry "GBR"]
[SourceTitle "BritBase"]
[Source "John Saunders"]
[SourceDate "2008.07.14"]
[SourceVersion "1"]
[SourceVersionDate "2008.07.14"]
[SourceQuality "2"]

1. e4 c5 2. Nf3 Nc6 3. d4 cxd4 4. Nxd4 Nf6 5. Nc3 e5 6. Ndb5 d6 7. Nd5 Nxd5 8.
exd5 Nb8 9. c4 Be7 10. Bd3 O-O 11. O-O a6 12. Nc3 f5 13. f3 Nd7 14. Be3 Bg5 15.
Qd2 Bxe3+ 16. Qxe3 a5 17. b3 Nc5 18. f4 exf4 19. Rxf4 Bd7 20. Bc2 Qf6 21. Qd4
Qxd4+ 22. Rxd4 Rfe8 23. Kf2 g6 24. Rdd1 Rab8 25. a3 Rec8 26. Rab1 b5 27. Nxb5
Bxb5 28. cxb5 Rxb5 29. b4 Ne4+ 30. Bxe4 fxe4 31. bxa5 Rxa5 32. Rb3 Rc2+ 33. Kg1
Kg7 34. Rd4 Ra2 35. Re3 Rc5 36. Rdxe4 Rxd5 37. Re7+ Kf6 38. R3e6+ Kf5 39. Re2
Rxe2 40. Rxe2 Rd1+ 41. Kf2 Ra1 42. Rd2 Ke6 43. Re2+ Kd7 44. Re3 d5 45. Rh3 Ra2+
46. Kf1 Ra1+ 1/2-1/2

[Event "GBR-ch89"]
[Site "Torquay"]
[Date "2002.07.30"]
[Round "2"]
[White "Gregory, Stephen J"]
[Black "Buckley, Simon T"]
[Result "0-1"]
[WhiteElo "2173"]
[BlackElo "2237"]
[PlyCount "58"]
[EventDate "2002.07.29"]
[EventType "swiss"]
[EventRounds "11"]
[EventCountry "GBR"]
[SourceTitle "BritBase"]
[Source "John Saunders"]
[SourceDate "2008.07.14"]
[SourceVersion "1"]
[SourceVersionDate "2008.07.14"]
[SourceQuality "2"]

1. e4 e6 2. d4 d5 3. e5 c5 4. c3 Nc6 5. Nf3 Qb6 6. a3 Nh6 7. b4 cxd4 8. b5 Na5
9. Nxd4 Bc5 10. Be3 Nf5 11. Nxf5 exf5 12. Bd4 f4 13. Be2 Bf5 14. O-O O-O 15. a4
Rac8 16. Bf3 Bxd4 17. cxd4 Bc2 18. Qe1 Nb3 19. Nc3 Qxd4 20. Nxd5 Rfe8 21. Ra3
Nd2 22. Nxf4 Qxf4 23. Bxb7 Rc4 24. Re3 Nxf1 25. Qxf1 Qd4 26. Bc6 Rd8 27. e6
fxe6 28. Rxe6 Rxa4 29. Re1 Bd3 0-1

[Event "GBR-ch89"]
[Site "Torquay"]
[Date "2002.07.30"]
[Round "2"]
[White "Hanley, Craig A"]
[Black "Bigg, Andrew J"]
[Result "1-0"]
[WhiteElo "2331"]
[BlackElo "2248"]
[PlyCount "91"]
[EventDate "2002.07.29"]
[EventType "swiss"]
[EventRounds "11"]
[EventCountry "GBR"]
[SourceTitle "BritBase"]
[Source "John Saunders"]
[SourceDate "2008.07.14"]
[SourceVersion "1"]
[SourceVersionDate "2008.07.14"]
[SourceQuality "2"]

1. e4 e6 2. d4 d5 3. Nc3 Bb4 4. e5 Ne7 5. f4 c5 6. Bd2 Nbc6 7. Nf3 Nxd4 8. Nxd4
cxd4 9. Nb5 Bxd2+ 10. Qxd2 O-O 11. Nxd4 Bd7 12. O-O-O Qb6 13. h4 Nc6 14. Rh3
Nxd4 15. Qxd4 Qxd4 16. Rxd4 f6 17. Re3 f5 18. Rb3 Bc6 19. a4 Rac8 20. a5 Rf7
21. Kd2 Rfc7 22. c3 Kf8 23. h5 Ke7 24. Bb5 Bxb5 25. Rxb5 Rd8 26. Kd3 Rdd7 27.
Rdb4 Kd8 28. Kd4 Kc8 29. Rc5 Rxc5 30. Kxc5 Kc7 31. Rd4 h6 32. Rd3 Re7 33. Rg3
Kd7 34. b3 Kc7 35. Rg6 Kd7 36. c4 dxc4 37. bxc4 Kc7 38. Kb4 Kd7 39. c5 Kc7 40.
Kc4 Kc6 41. g4 fxg4 42. f5 Kd7 43. f6 gxf6 44. exf6 Rf7 45. Kd4 g3 46. Ke5 1-0

[Event "GBR-ch89"]
[Site "Torquay"]
[Date "2002.07.30"]
[Round "2"]
[White "Harikrishna, Pentala"]
[Black "Thipsay, Bagyashree"]
[Result "1-0"]
[WhiteElo "2568"]
[BlackElo "2264"]
[PlyCount "229"]
[EventDate "2002.07.29"]
[EventType "swiss"]
[EventRounds "11"]
[EventCountry "GBR"]
[SourceTitle "BritBase August 2004"]

1. Nf3 d5 2. c4 c6 3. b3 Bf5 4. Bb2 e6 5. g3 h6 6. Bg2 Nd7 7. O-O Ngf6 8. d3
Bc5 9. a3 a5 10. Nbd2 O-O 11. Qc1 Qb6 12. h3 Rfe8 13. Ne5 Nxe5 14. Bxe5 Nd7 15.
Bb2 e5 16. Rb1 Nf6 17. b4 axb4 18. axb4 Bd4 19. Bxd4 exd4 20. c5 Qc7 21. Nf3
Qd7 22. g4 Bxg4 23. hxg4 Qxg4 24. Nh2 Qxe2 25. Qd1 Ra3 26. Qxe2 Rxe2 27. Rfd1
Raa2 28. Rf1 Red2 29. Nf3 Rxd3 30. Rfd1 Rxd1+ 31. Rxd1 Ne4 32. Nxd4 Nxf2 33.
Re1 Kf8 34. Nf5 Nd3 35. Re3 Nf4 36. Bf1 Ne6 37. Rb3 h5 38. Nd6 g5 39. Rf3 Nf4
40. Nxb7 Rb2 41. b5 cxb5 42. Rc3 Ne6 43. c6 Nc7 44. Nd6 b4 45. Rf3 Ke7 46. Nf5+
Kd8 47. Nd6 Ke7 48. Nc8+ Kd8 49. Rxf7 Kxc8 50. Rf8+ Ne8 51. Rxe8+ Kc7 52. Bb5
Rc2 53. Re7+ Kd6 54. Rd7+ Ke5 55. Ba4 Rc3 56. Rb7 Rc4 57. Re7+ Kd6 58. Rd7+ Ke5
59. Kf2 b3 60. Bxb3 Rxc6 61. Rxd5+ Kf4 62. Rd4+ Ke5 63. Rb4 Rc3 64. Bd1 Rh3 65.
Bf3 Rh4 66. Rb5+ Kf6 67. Kg3 Kg6 68. Be2 Rd4 69. Rb6+ Kf5 70. Bxh5 Rd3+ 71. Bf3
Rc3 72. Rb5+ Kf6 73. Rb4 Kf5 74. Rb8 Kf6 75. Rf8+ Kg7 76. Re8 Kf6 77. Kg4 Rc4+
78. Be4 Rc1 79. Rf8+ Ke5 80. Bg2 Rc3 81. Bf3 Rc7 82. Rf5+ Kd4 83. Rxg5 Rf7 84.
Kg3 Ke3 85. Re5+ Kd4 86. Re6 Rf8 87. Re7 Rd8 88. Kf2 Rd6 89. Re1 Rb6 90. Rd1+
Ke5 91. Rd5+ Kf4 92. Rd4+ Ke5 93. Ra4 Rb2+ 94. Kg3 Rb8 95. Ra5+ Kd4 96. Bg4 Rf8
97. Bf5 Ke3 98. Ra3+ Kd4 99. Kf4 Kc4 100. Ke5 Rh8 101. Be6+ Kc5 102. Rc3+ Kb4
103. Rc4+ Kb5 104. Rg4 Kc5 105. Rc4+ Kb5 106. Rc7 Kb4 107. Bf5 Re8+ 108. Kd4
Rb8 109. Be6 Rd8+ 110. Bd5 Rb8 111. Rc1 Rh8 112. Rb1+ Ka3 113. Rb3+ Ka4 114.
Rb6 Rd8 115. Kc4 1-0

[Event "GBR-ch89"]
[Site "Torquay"]
[Date "2002.07.30"]
[Round "2"]
[White "Haslinger, Stewart"]
[Black "Evans-Quek, Debbie"]
[Result "1-0"]
[WhiteElo "2310"]
[BlackElo "2069"]
[PlyCount "63"]
[EventDate "2002.07.29"]
[EventType "swiss"]
[EventRounds "11"]
[EventCountry "GBR"]
[SourceTitle "BritBase"]
[Source "John Saunders"]
[SourceDate "2008.07.14"]
[SourceVersion "1"]
[SourceVersionDate "2008.07.14"]
[SourceQuality "2"]

1. e4 g6 2. d4 Bg7 3. Nc3 c6 4. Nf3 d5 5. h3 Nh6 6. Bf4 f6 7. exd5 cxd5 8. Nb5
O-O 9. c4 e5 10. dxe5 fxe5 11. Bxh6 Bxh6 12. Qxd5+ Qxd5 13. cxd5 Nd7 14. Bc4 e4
15. Nfd4 Ne5 16. Be2 Nd3+ 17. Bxd3 exd3 18. O-O Bd7 19. Rad1 Bxb5 20. Nxb5 d2
21. Kh2 a6 22. Nc3 Rad8 23. g3 Rf3 24. Kg2 Rd3 25. f4 Bg7 26. Rf3 R3xd5 27.
Nxd5 Rxd5 28. Rf2 Bxb2 29. Rdxd2 Rxd2 30. Rxd2 Bf6 31. Rd7 b6 32. Rd6 1-0

[Event "GBR-ch89"]
[Site "Torquay"]
[Date "2002.07.30"]
[Round "2"]
[White "Jones, Gawain C B"]
[Black "Knott, Simon JB"]
[Result "0-1"]
[WhiteElo "2237"]
[BlackElo "2367"]
[PlyCount "70"]
[EventDate "2002.07.29"]
[EventType "swiss"]
[EventRounds "11"]
[EventCountry "GBR"]
[SourceTitle "BritBase"]
[Source "John Saunders"]
[SourceDate "2008.07.14"]
[SourceVersion "1"]
[SourceVersionDate "2008.07.14"]
[SourceQuality "2"]

1. e4 e6 2. d3 d5 3. Qe2 Nf6 4. Nf3 c5 5. g3 Be7 6. Bg2 O-O 7. O-O Nc6 8. e5
Ne8 9. c4 Nc7 10. Nc3 Rb8 11. h4 b5 12. b3 bxc4 13. bxc4 Nd4 14. Nxd4 cxd4 15.
cxd5 dxc3 16. d6 Bxd6 17. exd6 Nd5 18. Bxd5 exd5 19. Qe5 Qa5 20. Be3 f6 21. Qd4
Bf5 22. Qxa7 Qxa7 23. Bxa7 Rb7 24. Bc5 c2 25. d4 Rb1 26. a3 Rfb8 27. Bb4 Rc8
28. Bc5 Rcb8 29. Bb4 Rc8 30. Bc5 Kf7 31. f3 Rcb8 32. Bb4 Rc8 33. Bc5 Re8 34.
Kf2 Bd3 35. d7 Bxf1 0-1